| 000 | 004380000a22001450004500 | ||
|---|---|---|---|
| 090 |
_aAR _b01256 |
||
| 245 | 1 | 0 | _aInteracciones entre el depredador y su presa y la evolución de la diversidad en el aspecto |
| 650 | 1 | 4 |
_aEvolución biológica _994525 |
| 650 | 1 | 4 |
_aLepidópteros _94756 |
| 650 | 1 | 4 |
_aPolimorfismo _956050 |
| 041 | 0 | _aEspañol | |
| 100 | 1 |
_aRand, A. Stanley _915820 |
|
| 942 | _cARTICULO | ||
| 773 | 1 |
_tPreprint _33 _q21-26 _d1970? |
|
| 999 |
_c10341 _d10341 |
||